Casa Howard : "solo connettere..." /
שמור ב:
| מחבר ראשי: | |
|---|---|
| מחברים אחרים: | |
| פורמט: | ספר |
| שפה: | איטלקית |
| יצא לאור: |
Milano :
Garzanti,
1980
|
| מהדורה: | 2. ed |
| סדרה: | I grandi libri Garzanti ;
136 |
| תגים: |
אין תגיות, היה/י הראשונ/ה לתייג את הרשומה!
|
MARC
| LEADER | 00000nam a22000007i 4500 | ||
|---|---|---|---|
| 001 | IT\ICCU\LO1\0038609 | ||
| 003 | ItRI | ||
| 005 | 20260115232245.0 | ||
| 008 | 910813s1980 it |||||| ||||| |||||c | ||
| 040 | |b ita |c importazione bologna sebina | ||
| 041 | 7 | |a ita |2 ISO-639-2 | |
| 082 | |a 823.91 |9 NARRATIVA INGLESE. 20. SEC. |2 19 | ||
| 100 | 1 | |a Forster, E. M. |0 IT\ICCU\CFIV\002137 |4 aut | |
| 240 | 1 | 0 | |a Howards end. |3 IT\ICCU\CFI\0028209 |9 Forster, E. M. |
| 245 | 1 | 0 | |a Casa Howard : |b "solo connettere..." / |c Edward Morgan Forster. |
| 250 | |a 2. ed | ||
| 260 | |a Milano : |b Garzanti, |c 1980 | ||
| 300 | |a XVII, 420 p. : |b 1 ritr. ; |c 18 cm | ||
| 500 | |a Trad. di Luisa Chiarelli | ||
| 700 | 1 | |a Chiarelli, Luisa |0 IT\ICCU\CUBV\052163 |4 trl | |
| 790 | 1 | |a Forster, Edward Morgan |3 IT\ICCU\SBNV\006465 |z Forster, E. M. | |
| 790 | 1 | |a Forster, Edward M. |3 IT\ICCU\USMV\623572 |z Forster, E. M. | |
| 790 | 1 | |a Forster, Edward |3 IT\ICCU\UTOV\571531 |z Forster, E. M. | |
| 790 | 1 | |a Osti Chiarelli, Luisa |3 IT\ICCU\CFIV\159115 |z Chiarelli, Luisa | |
| 830 | 2 | |a I grandi libri Garzanti ; |v 136 |0 IT\ICCU\CFI\0000048 | |
| 942 | |2 ddc |c BK |n 0 | ||
| 952 | |0 0 |1 0 |4 0 |6 DOC_823_000000000000000_FOR |7 0 |9 23077 |a BO |b BO |d 2026-01-15 |i 1780 |l 0 |o DOC 823 FOR |p BO1780 |r 2026-01-15 23:22:45 |w 2026-01-15 |x [Sebina 5] [1 v.] |y BK |z 1 v. | ||
| 999 | |c 19682 |d 19682 | ||